[Event "AUTO-INT-3918"]
[Site "http://www.queenalice.com/game.php?id=1873780"]
[Date "2026.5.21"]
[Round "2"]
[White "game"]
[Black "SGF"]
[Result "0-1"]
[WhiteElo "1566"]
[BlackElo "1761"]

1. d4 e6 2. e4 Qf6 3. Nf3 d6 4. Bd2 h6 5. Bc3 Be7 6. d5 e5 7. Bd3 Qg6 8. g3 h5
9. Nh4 Bxh4 10. O-O Bh3 11. Re1 Bg4 12. Be2 Bf6 13. Qd3 Ne7 14. Qb5+ Nbc6 15.
dxc6 bxc6 16. Qb7 O-O 17. Nd2 Rfc8 18. Bd3 h4 19. Ba6 hxg3 20. fxg3 Bh3 21. Qb4
Rcb8 22. Bb7 Rxb7 23. Qxb7 Rc8 24. Qxa7 c5 25. Nc4 Bh4 26. Kh1 Bxg3 27. hxg3
Qxg3 28. Rg1 Qf3+ 29. Kh2 g6 30. Qa6 Bg4 31. Rg3 Qxe4 32. Rag1 f5 33. Nd2 Qf4
34. Qc4+ Qxc4 35. Nxc4 Nd5 36. Bd2 Kf7 37. Kg2 e4 38. Rh1 Bf3+ 39. Rxf3 exf3+
40. Kxf3 Nf6 41. Na5 Ra8 42. c4 Ne4 43. Rh7+ Kg8 44. Rh2 Nxd2+ 45. Rxd2 Rxa5 46.
a3 Kf7 47. Kf4 Kf6 48. Rh2 Ra4 49. Rc2 d5 50. b3 Rxa3 51. cxd5 Rxb3 52. Rxc5
Rb4+ 53. Ke3 f4+ 54. Kf3 g5 55. Kg4 Rb7 56. Rc6+ Ke5 57. Rc5 Kd6 58. Ra5 c5 59.
Kxg5 f3 60. Ra1 Kxd5 61. Ra2 c4 62. Kg4 Ke4 63. Rf2 Rg7+ 64. Kh3 Ke3 65. Rc2 f2
66. Rc3+ Kd2 67. Rf3 Ke2 68. Rf4 f1=Q+ 69. Rxf1 Kxf1 70. Kh4 c3 71. Kh3 c2 72.
Kh4 c1=Q 73. Kh5 Kf2 74. Kh4 Qh1# 0-1

[Event "AUTO-INT-3918"]
[Site "http://www.queenalice.com/game.php?id=1873781"]
[Date "2026.5.21"]
[Round "2"]
[White "SGF"]
[Black "game"]
[Result "1-0"]
[WhiteElo "1752"]
[BlackElo "1614"]

1. e4 c6 2. Qf3 d5 3. d3 e5 4. Be2 Nh6 5. Bxh6 gxh6 6. exd5 Qb6 7. b3 Bg7 8.
dxc6 Nxc6 9. c3 O-O 10. Qg3 f5 11. f3 Kh8 12. h4 Rg8 13. f4 exf4 14. Qxf4 Be5
15. Qc4 Na5 16. Qd5 Bg3+ 17. Kd1 f4 18. Bh5 Nc6 19. Nd2 Qf2 20. Kc2 Qe3 21. Ngf3
Ne7 22. Qe5+ Qxe5 23. Nxe5 Nf5 24. Ne4 Nxh4 25. Nf7+ Kg7 26. Nxg3 Nxg2 27. Ne4
Bf5 28. Ned6 Kf6 29. Nxh6 Rgd8 30. Ndxf5 Rd5 31. Bf3 Rxf5 32. Nxf5 Kxf5 33. Bxg2
Re8 34. Bxb7 Re2+ 35. Kd1 Rf2 36. Be4+ Ke5 37. Bxh7 f3 38. d4+ Kf4 39. Bd3 Kg3
40. Ke1 Kg2 41. d5 Kg3 42. d6 Kg2 43. d7 Re2+ 44. Bxe2 f2+ 45. Kd2 a6 46. Bxa6
Kf3 47. d8=Q Kg2 48. Qh4 f1=N+ 49. Bxf1+ Kf3 50. Rh3# 1-0

[Event "AUTO-INT-3970"]
[Site "http://www.queenalice.com/game.php?id=1874028"]
[Date "2026.5.29"]
[Round "1"]
[White "alexcamargo"]
[Black "game"]
[Result "1-0"]
[WhiteElo "1868"]
[BlackElo "1542"]

1. d4 d6 2. c4 e5 3. Nf3 e4 4. Ng5 Nf6 5. Nc3 d5 6. e3 dxc4 7. Bxc4 Be6 8. Nxe6
fxe6 9. Bxe6 Nc6 10. Bf5 Nb4 11. Nxe4 g6 12. Nxf6+ Qxf6 13. Bd3 Qc6 14. O-O
O-O-O 15. a3 Nd5 16. Qc2 Qd6 17. e4 Nf4 18. Bxf4 Qxf4 19. g3 Qf3 20. Rac1 Rd7
21. Be2 Qf6 22. Bg4 Qxd4 23. Bxd7+ Kxd7 24. Rcd1 1-0

[Event "AUTO-INT-3970"]
[Site "http://www.queenalice.com/game.php?id=1874029"]
[Date "2026.5.29"]
[Round "1"]
[White "game"]
[Black "alexcamargo"]
[Result "0-1"]
[WhiteElo "1511"]
[BlackElo "1885"]

1. e4 c5 2. Nf3 d6 3. d4 Nf6 4. Bc4 Nxe4 5. Ng5 Nxg5 6. Bxg5 d5 7. Bb3 c4 8.
Ba4+ Bd7 9. Bxd7+ Qxd7 10. O-O e6 11. Nd2 Nc6 12. Nf3 Be7 13. c3 Bxg5 14. Nxg5
h6 15. Nf3 Ne7 16. Ne5 Qc7 17. Qf3 O-O 18. Rae1 a5 19. Re3 Nf5 20. Ng4 Nxe3 21.
Qxe3 a4 22. a3 b5 23. Ne5 f6 24. Ng6 Rfe8 25. f4 Qf7 26. Nh4 Qh5 27. Qg3 e5 28.
fxe5 fxe5 29. Nf5 Qg5 30. Qh3 Rf8 31. Nd6 Rxf1+ 32. Kxf1 Rf8+ 33. Kg1 Qc1# 0-1

[Event "AUTO-INT-3970"]
[Site "http://www.queenalice.com/game.php?id=1874048"]
[Date "2026.5.29"]
[Round "1"]
[White "game"]
[Black "tche_elvio"]
[Result "0-1"]
[WhiteElo "1528"]
[BlackElo "1605"]

1. e4 c5 2. Nf3 Nc6 3. Bc4 e6 4. d3 d6 5. O-O Bd7 6. Bd2 h6 7. Nc3 Be7 8. e5
Nxe5 9. Nxe5 Nf6 10. Ne4 Nxe4 11. Nxf7 Kxf7 12. dxe4 Rf8 13. f4 Kg8 14. c3 b6
15. Bb3 b5 16. f5 Bf6 17. fxe6 Bxe6 18. Bxe6+ Kh8 19. Bb3 c4 20. Bc2 a6 21. Qf3
Bd4+ 22. Be3 Rxf3 23. Rxf3 Bxe3+ 24. Rxe3 Qb6 25. Re1 Rd8 26. h4 Qc5 27. a3 d5
28. exd5 Re8 29. Kh2 Rxe3 30. b4 cxb3 31. Rf1 bxc2 32. Rc1 Re2 33. Rf1 Qxa3 34.
Rf3 c1=Q 35. Rf8+ Qxf8 0-1

[Event "AUTO-INT-3970"]
[Site "http://www.queenalice.com/game.php?id=1874049"]
[Date "2026.5.29"]
[Round "1"]
[White "tche_elvio"]
[Black "game"]
[Result "1/2-1/2"]
[WhiteElo "1618"]
[BlackElo "1583"]

1. e4 d6 2. d4 e6 3. Bd3 Nc6 4. Nf3 Nf6 5. O-O Be7 6. a3 e5 7. d5 Nd4 8. Nxd4
exd4 9. Nd2 O-O 10. h3 c5 11. dxc6 bxc6 12. b4 d5 13. e5 Ne4 14. Nxe4 dxe4 15.
Bxe4 Rb8 16. Bxc6 Ba6 17. Re1 f6 18. exf6 Bxf6 19. Bb2 Qd6 20. b5 Bc8 21. c4 Bd8
22. Bd5+ Kh8 23. Bxd4 Bc7 24. Be5 Qd7 25. Bxc7 Qxc7 26. a4 Qb6 27. a5 Qc5 28.
Qe2 Bb7 29. Bxb7 Rxb7 30. Qe4 Rbf7 31. Qe3 Qxc4 32. b6 a6 33. Rac1 Qa2 34. Re2
Qxa5 35. Rc7 Rxc7 36. bxc7 Qxc7 37. Qe7 Qc1+ 38. Kh2 Qf4+ 39. g3 Qf5 40. h4 h5
41. Qe6 Qxe6 1/2-1/2